000 nam a22 i 4500
999 _c24057
_d24057
003 WA 310
005 20211122094824.0
008 180613s2015 pl fou |000 0 eng d
040 _aWA 310/bw
_bpol
_erda
_cWA 310/bw
_dWA 310/bw
041 0 _aeng
245 0 0 _aUrządzenia do komunikacji z wykorzystaniem sieci zasilającej niskiego napięcia - Charakterystyki zaburzeń radioelektrycznych - Poziomy dopuszczalne i metody pomiaru - Część 1: Urządzenia użytku domowego =
_bPower line communication apparatus used in low-voltage installations - Radio disturbance characteristics - Limits and methods of measurement - Part 1: Apparatus for in-home use PN-EN 50561-1:2013-12/AC:2015-01E /
_cPolski Komitet Normalizacyjny.
246 1 3 _aPN-EN 50561-1:2013-12/AC
246 1 3 _aICS 33.100.01; 33.040.60
246 1 3 _aPoprawka do Polskiej Normy
246 3 1 _aPower line communication apparatus used in low-voltage installations - Radio disturbance characteristics - Limits and methods of measurement - Part 1: Apparatus for in-home use
260 _aWarszawa :
_bPolski Komitet Normalizacyjny,
_ccopyright 2015.
300 _a3 strony ;
_c30 cm.
336 _aTekst
_btxt
_2rdacontent
337 _aKomputer
_bc
_2rdamedia
338 _aDokument online
_bcr
_2rdacarrier
500 _aTytuł z ekranu tytułowego.
500 _aWprowadza EN 50561-1:2013/AC:2015, IDT ; Zatwierdzona 22 stycznia 2015 r.
500 _aPoprawka do Normy Europejskiej EN 50561-1:2013/AC:2015 [...] ma status Poprawki do Polskiej Normy.
530 _aDostępne wyłącznie w formie elektronicznej.
538 _aTryb dostępu: online.
546 _aTekst w języku angielskim, strona tytułowa w języku polskim.
590 _6Status: aktualna.
710 1 _aPolska.
_bPolski Komitet Normalizacyjny.
_eInstytucja sprawcza
_eWydawca
_4pbl
_91107
942 _2ddc
_cBK